Dr. S. R. Lasker Library Online Catalogue

Home      Library Home      Institutional Repository      E-Resources      MyAthens      EWU Home

The Rehabilitation of speech / (Record no. 2609)

MARC details
000 -LEADER
fixed length control field 00740cam a2200265 a 4500
001 - CONTROL NUMBER
control field 2609
003 - CONTROL NUMBER IDENTIFIER
control field BD-DhEWU
005 - DATE AND TIME OF LATEST TRANSACTION
control field 20140522102044.0
008 - FIXED-LENGTH DATA ELEMENTS--GENERAL INFORMATION
fixed length control field 110604s1957 xx a 000 0 eng d
035 ## - SYSTEM CONTROL NUMBER
System control number (OCoLC)
040 ## - CATALOGING SOURCE
Original cataloging agency BD-DhEWU
Modifying agency BD-DhEWU
Language of cataloging eng
Transcribing agency BD-DhEWU
041 ## - LANGUAGE CODE
Language code of text/sound track or separate title eng
082 04 - DEWEY DECIMAL CLASSIFICATION NUMBER
Classification number 616.85
Item number WER 1957
Edition number 22
100 1# - MAIN ENTRY--PERSONAL NAME
Personal name West, Robert
9 (RLIN) 9464
245 10 - TITLE STATEMENT
Title The Rehabilitation of speech /
Statement of responsibility, etc Robert West, Merle Ansberry and Anna Carr
250 ## - EDITION STATEMENT
Edition statement 3rd ed.
260 ## - PUBLICATION, DISTRIBUTION, ETC. (IMPRINT)
Date of publication, distribution, etc c1957.
Place of publication, distribution, etc New York :
Name of publisher, distributor, etc HAPPER & BROTHERS,
300 ## - PHYSICAL DESCRIPTION
Extent 688 p. :
Other physical details ill ;
Dimensions 23 cm.
526 ## - STUDY PROGRAM INFORMATION NOTE
Program name Pharmacy
590 ## - LOCAL NOTE (RLIN)
Local note Shaharima Parvin
653 00 - INDEX TERM--UNCONTROLLED
Uncontrolled term Speech disorders
700 1# - ADDED ENTRY--PERSONAL NAME
Personal name Anna, Carr
9 (RLIN) 9465
Personal name Ansberry, Merle
9 (RLIN) 9466
942 ## - ADDED ENTRY ELEMENTS (KOHA)
Koha item type Text
Source of classification or shelving scheme Dewey Decimal Classification
Holdings
Withdrawn status Lost status Source of classification or shelving scheme Damaged status Not for loan Collection code Home library Current library Shelving location Cost, normal purchase price Total Checkouts Full call number Barcode Koha item type
    Dewey Decimal Classification   Not For Loan Non-fiction Dr. S. R. Lasker Library, EWU Dr. S. R. Lasker Library, EWU Reserve Section 0.00   616.85 WER 1957 6018 Text